| 000 | 00466cam a22001217a 4500 | ||
|---|---|---|---|
| 008 | 180718b1976 xxu||||| |||| 00| 0 eng d | ||
| 082 | _aH51x54 In2r | ||
| 100 | _aIndia. Joint Committee on the Code of Civil Procedure (Amendment) Bill | ||
| 245 |
_aThe Code of Civil Procedure (Amendment) Bill, 1974: report of Joint Committee _cby Lok Sabha Secretariat |
||
| 260 |
_aNew Delhi _bLok Sabha Secretariat _c1976 |
||
| 300 | _a228+p | ||
| 700 | _aIndia. Lok Sabha Secretariat | ||
| 999 |
_c491147 _d491147 |
||